1476 1069 1504 1754 1186 1342 1840 1335 1178 1541 1081 1692 1233 1730 1194 1418 1606 1550 1648 1902 1688 1813 1433 1789 1933 1390 1251 1673 1441 1877 1846 1305 1782 1562 1158 1263 1707 1374 1222 1752 1492 1169 1223 1228 1245 1299 1400 1543 1460 1612 1568 1465 1950 1413 1001 1326 1307 1237 1337 1195 1571 1675 1099 1152 1322 1178 1638 1163 1483 1760 1743 1979 1581 1579 1681 1501 1268 1222 1393 1928 1138 1606 1750 1364 1347 1717 1209 1138 1911 1709 1492 1844 1386 1128 1441 1496 1162 1356 1871 BCNSPRNW ULIB Ver.6.0+V

เปลี่ยนเป็นภาษาไทย

Change to English
 แสดงรายละเอียดบรรณานุกรม
  กลับหน้าหลัก

Brief Record : Get Marc (ISO 2709) : E-mail record : QR code < ปิดหน้าต่าง
LEADER : 00000nam 2200000uu 4500
001    13399109158
003     ULIB
008    110323s||||||||th 000 0 tha d
020    9789744141538
041 1  tha^heng
050  4 T49.5^bม464ค 2553
100 1  มาร์ติน, โรเจอร์
245 10 คิดแบบบูรณาการ =^bThe Opposable mind /^cโดย Roger Martin; แปลและเรียบเรียงโดย ปวีณา แปลงประวัติ
246 31 Wake up your creative genius
250    พิมพ์ครั้งที่ 1
260    กรุงเทพฯ :^bเอ็กซเปอร์เน็ท,^c2553
300    248 หน้า :^bภาพประกอบ ;^c24 ซม.
650  7 ความคิดสร้างสรรค์
650  7 การสร้างสรรค์ทางเทคโนโลยี
700 0  ปวีณา แปลงประวัติ,^eผู้แปล
945    ^p250^l0^i029948
945    ^p250^l0^i029947
995    เกษร
999 ^a ใช้งานได้ทุกระบบ
รายการนี้ยังไม่มีแท็ก
คุณยังไม่ได้ล็อกอิน คุณสามารถมีกิจกรรมร่วมกับเว็บไซต์ได้ แต่ต้องล็อกอินก่อน ::
  ล็อกอิน

รายการสื่อสารสนเทศ

ลำดับที่ ประเภท เลขเรียก/บาร์โค้ด สถานที่ สถานะ
1. การศึกษาทั่วไป
การศึกษาทั่วไป
T49.5 ม464ค 2553 ฉ.1 
  Barcode: 029947
ห้องสมุดวิทยาเขตนครสวรรค์
►หนังสือทั่วไป:l:General Books
บนชั้น
2. การศึกษาทั่วไป
การศึกษาทั่วไป
T49.5 ม464ค 2553 ฉ.2 
  Barcode: 029948
ห้องสมุดวิทยาเขตนครสวรรค์
►หนังสือทั่วไป:l:General Books
บนชั้น

รายการใกล้เคียง
    ผู้แต่ง [มาร์ติน, โรเจอร์]

    หัวเรื่อง [ความคิดสร้างสรรค์]
    หัวเรื่อง [การสร้างสรรค์ทางเทคโนโลยี]

BibComment


ยังไม่เคยถูกคอมเมนท์

คอมเมนท์ทรัพยากรรายการนี้
  คอมเมนท์: คิดแบบบูรณาการ T..


 Copyright 2026. Bcnsprnw @Library